| 000 | 00000nam##2200000za#4500 |
| 001 | 9.608443 |
| 003 | CaOODSP |
| 005 | 20230131161133 |
| 007 | ta |
| 008 | 150406|1991||||xxc||||| f|0| 0 eng|d |
| 020 | |a0-660-13132-3 |
| 040 | |aCaOODSP|beng |
| 043 | |an-cn--- |
| 086 | 1 |aM40-49/4E |
| 110 | 2 |aGeological Survey of Canada. |
| 245 | 10|aGeology of the Cordilleran Orogen in Canada / |cEdited by J. O. Wheeler, H. Gabrielse and C. J. Yorath. |
| 260 | |aOttawa - Ontario : |bEnergy, Mines and Resources. |c1991. |
| 300 | |a9 vols. 844p. : |bfigs., graphs, maps, references ; |c29 cm. + |e12 folded maps (boxed). |
| 490 | 1 |aGeology of Canada|v4 |
| 500 | |aContents: Tectonic framework.--Paleomagnetism: review and tectonic implications.--Precambrian basement rocks of the Canadian Cordillera.--Middle Proterozoic assemblages.--Upper Proterozoic assemblages.--Cambrian to Middle Devonian assemblages.--Upper Devonian to Middle Jurassic assemblages.--Upper Jurassic to Paleogene assemblages.--Neogene assemblages.--Physiographic evolution of the Canadian Cordillera.--Quaternary glaciation and sedimentation.--Modern plate tectonic regime of the continental margin of western Canada.--Volcanic regimes.--Plutonic regimes.--Metamorphism.--Structural styles.--Tectonic synthesis.--Regional metallogeny.--Energy and ground resources of the Canadian Cordillera.--Natural hazards.--Outstanding problems.--Index. Errata sheet inserted. |
| 563 | |aClothbound |
| 590 | |a92-19|b1992-05-08 |
| 690 | 07|aGeology|2gcpds |
| 720 | 1 |aGabrielse, H. |
| 720 | 1 |aYorath, C. J. |
| 830 | #0|aGeology of Canada ;|v4|w(CaOODSP)9.514766 |
| 986 | |aGeology of North America, vol. G-2 |